<?xml version="1.0" encoding="UTF-8"?>
<record
    xmlns:xsi="http://www.w3.org/2001/XMLSchema-instance"
    xsi:schemaLocation="http://www.loc.gov/MARC21/slim http://www.loc.gov/standards/marcxml/schema/MARC21slim.xsd"
    xmlns="http://www.loc.gov/MARC21/slim">

  <leader>01083nam a2200229 i 4500</leader>
  <controlfield tag="001">185401</controlfield>
  <controlfield tag="003">ES-MaACL</controlfield>
  <controlfield tag="005">20231204184350.0</controlfield>
  <controlfield tag="008">160531s1947    sp cf        |||| |bspa d</controlfield>
  <datafield tag="080" ind1=" " ind2=" ">
    <subfield code="a">929 Vega de Armijo. Antonio Aguilar y Correa. Marqu&#xE9;s de la</subfield>
  </datafield>
  <datafield tag="100" ind1="1" ind2=" ">
    <subfield code="a">Naveros, Jos&#xE9; Miguel.</subfield>
    <subfield code="9">85224</subfield>
  </datafield>
  <datafield tag="245" ind1="1" ind2="3">
    <subfield code="a">El marqu&#xE9;s de la Vega de Armijo </subfield>
    <subfield code="b">: 56 a&#xF1;os de pol&#xED;tica liberal /</subfield>
    <subfield code="c">por Jos&#xE9; Miguel Naveros Burgos.</subfield>
  </datafield>
  <datafield tag="260" ind1=" " ind2=" ">
    <subfield code="a">Madrid : </subfield>
    <subfield code="b">Purcalla, </subfield>
    <subfield code="c">1947.</subfield>
  </datafield>
  <datafield tag="300" ind1=" " ind2=" ">
    <subfield code="a">185 p., [5] h. de l&#xE1;m. ; </subfield>
    <subfield code="c">21 cm.</subfield>
  </datafield>
  <datafield tag="490" ind1="1" ind2=" ">
    <subfield code="a">Medio siglo de historia. </subfield>
    <subfield code="a">Los presidentes del Consejo de la Monarqu&#xED;a, 1874-1931 ; </subfield>
    <subfield code="v">13</subfield>
  </datafield>
  <datafield tag="490" ind1="1" ind2=" ">
    <subfield code="a">Los presidentes del Consejo de la Monarqu&#xED;a Espa&#xF1;ola, 1874-1931</subfield>
  </datafield>
  <datafield tag="600" ind1="1" ind2="7">
    <subfield code="a">Aguilar y Correa, Antonio,</subfield>
    <subfield code="c">Marqu&#xE9;s de la Vega de Armijo,</subfield>
    <subfield code="d">1824-1908</subfield>
    <subfield code="2">embne</subfield>
    <subfield code="9">18751</subfield>
  </datafield>
  <datafield tag="830" ind1="0" ind2=" ">
    <subfield code="a">Medio siglo de historia. </subfield>
    <subfield code="a">Los presidentes del Consejo de la Monarqu&#xED;a, 1874-1931 ; </subfield>
    <subfield code="v">13</subfield>
    <subfield code="9">192289</subfield>
  </datafield>
  <datafield tag="830" ind1="0" ind2=" ">
    <subfield code="a">Los presidentes del Consejo de la Monarqu&#xED;a Espa&#xF1;ola, 1874-1931</subfield>
    <subfield code="9">192290</subfield>
  </datafield>
  <datafield tag="852" ind1=" " ind2=" ">
    <subfield code="a">ES-MaACL</subfield>
    <subfield code="j">E-4335</subfield>
  </datafield>
  <datafield tag="999" ind1=" " ind2=" ">
    <subfield code="c">185401</subfield>
    <subfield code="d">185401</subfield>
  </datafield>
  <datafield tag="952" ind1=" " ind2=" ">
    <subfield code="0">0</subfield>
    <subfield code="1">0</subfield>
    <subfield code="4">0</subfield>
    <subfield code="7">0</subfield>
    <subfield code="a">ATENEOM</subfield>
    <subfield code="b">ATENEOM</subfield>
    <subfield code="c">DEPO2</subfield>
    <subfield code="d">2016-05-31</subfield>
    <subfield code="e">SC</subfield>
    <subfield code="l">0</subfield>
    <subfield code="o">E-4335</subfield>
    <subfield code="p">1195329</subfield>
    <subfield code="r">2023-02-23 00:00:00</subfield>
    <subfield code="w">2023-02-23</subfield>
    <subfield code="y">MONOGRAFIA</subfield>
  </datafield>
</record>
